| 000 | 00643nam a2200217Ia 4500 | ||
|---|---|---|---|
| 008 | 191130s2002##################000#0#eng## | ||
| 020 | _a9788184893113 | ||
| 022 | _a2001026440 | ||
| 040 |
_aACL _cACL |
||
| 082 | _a570/.15195 LOO | ||
| 245 |
_aBiostatistical methods _cedited by Stephen W. Looney |
||
| 260 |
_aTotowa, NJ _bHumana Press _c2002 |
||
| 300 | _axii, 214 p. : ill. (some col.) ; 24 cm | ||
| 500 | _aIncludes bibliographical references and index | ||
| 650 | _aBiometry | ||
| 650 | _aMolecular biology | ||
| 700 | _aLooney, Stephen W | ||
| 990 | _aa40e78c8ac10000c1d221d6f3483d613 | ||
| 991 | _a214944 | ||
| 999 |
_c116670 _d116670 |
||